[Event "XXXI Torre Memorial 2019"]
[Site "Merida"]
[Date "2019.12.17"]
[Round "7.4"]
[White "Gonzalez Zamora, Juan Carlos"]
[Black "Ibarra Chami, Luis Fernando"]
[Result "1/2-1/2"]
[WhiteElo "2535"]
[BlackElo "2423"]
[Annotator "ChessBase"]
[PlyCount "120"]
[EventDate "2019.12.13"]
[EventType "swiss"]
[EventCountry "MEX"]
[SourceTitle "playchess.com"]
[Source "ChessBase"]
[SourceQuality "1"]
[TimeControl "5400+30"]

1. Nf3 d5 2. g3 Nf6 3. Bg2 e6 4. O-O b5 5. a4 b4 6. d4 Be7 7. c4 bxc3 8. Nxc3 O-O 9. Ne5 c6 10. a5 Nfd7 11. Nd3 Na6 {[%emt 0:33:36]} 12. e4 {[%emt 0:17:39]} Nc7 {[%emt 0:22:26]} 13. Qc2 {[%emt 0:05:42]} Ba6 {[%emt 0:00:47]} 14. Rd1 {[%emt 0:00:06]} Rb8 {[%emt 0:04:48]} 15. Bf4 {[%emt 0:00:46]} Bc4 {[%emt 0:03:08]} 16. Nc1 {[%emt 0:02:18]} Bg5 {[%emt 0:01:49]} 17. Bxg5 {[%emt 0:07:07]} Qxg5 {[%emt 0:00:07]} 18. b3 {[%emt 0:00:05]} Ba6 {[%emt 0:00:56]} 19. Na4 {[%emt 0:00:52]} Bb5 {[%emt 0:01:27]} 20. Nc3 {[%emt 0:06:01]} Rfc8 {[%emt 0:02:49]} 21. N1a2 {[%emt 0:01:31]} Qe7 {[%emt 0:00:36]} 22. Rdc1 {[%emt 0:00:28]} Ba6 {[%emt 0:01:38]} 23. Na4 {[%emt 0:06:02]} Nb5 {[%emt 0:00:18]} 24. Qd2 {[%emt 0:00:56]} Nd6 {[%emt 0:01:33]} 25. exd5 {[%emt 0:06:03]} cxd5 {[%emt 0:00:05]} 26. Nc5 {[%emt 0:00:31]} Bb5 {[%emt 0:00:48]} 27. b4 {[%emt 0:05:56]} Bc4 {[%emt 0:00:59]} 28. Nc3 {[%emt 0:01:05]} Nf5 {[%emt 0:01:24]} 29. Rab1 {[%emt 0:02:02]} Nd6 {[%emt 0:02:09]} 30. Re1 {[%emt 0:00:37]} Qd8 {[%emt 0:00:49]} 31. Bh3 {[%emt 0:05:25]} Nf8 {[%emt 0:00:05]} 32. Bg2 {[%emt 0:02:01]} Ng6 {[%emt 0:00:25]} 33. Nd1 {[%emt 0:04:00]} Ne7 {[%emt 0:00:36]} 34. Ne3 {[%emt 0:00:22]} Nc6 {[%emt 0:02:21]} 35. h4 {[%emt 0:03:41]} Rb5 {[%emt 0:02:07]} 36. Rec1 {[%emt 0:05:37]} Rbb8 {[%emt 0:06:09]} 37. Kh2 {[%emt 0:03:05]} Bb5 {[%emt 0:00:36]} 38. Rd1 {[%emt 0:02:35]} Nc4 {[%emt 0:00:34]} 39. Qc3 {[%emt 0:01:53]} Nxe3 {[%emt 0:00:47]} 40. fxe3 {[%emt 0:00:43]} Ne7 {[%emt 0:00:08]} 41. Qd2 {[%emt 0:00:23]} Nf5 {[%emt 0:00:34]} 42. e4 {[%emt 0:02:08]} dxe4 {[%emt 0:00:10]} 43. Bxe4 {[%emt 0:00:09]} Qf6 {[%emt 0:01:41]} 44. Qf4 {[%emt 0:02:44]} Nh6 {[%emt 0:03:27]} 45. Qxf6 {[%emt 0:02:06]} Ng4+ {[%emt 0:00:05]} 46. Kg1 {[%emt 0:00:20]} Nxf6 {[%emt 0:00:06]} 47. Bf3 {[%emt 0:00:04]} Rd8 {[%emt 0:00:11]} 48. Kf2 {[%emt 0:00:27]} Nd5 {[%emt 0:00:26]} 49. Bxd5 {[%emt 0:05:05]} Rxd5 {[%emt 0:00:33]} 50. Ne4 {[%emt 0:00:40]} Ba4 {[%emt 0:00:33]} 51. Rd2 {[%emt 0:01:51]} Rxa5 {[%emt 0:07:13]} 52. Ra2 {[%emt 0:01:22]} Rf5+ {[%emt 0:00:06]} 53. Ke3 {[%emt 0:00:05]} Bc6 {[%emt 0:00:28]} 54. Rxa7 {[%emt 0:00:05]} h6 {[%emt 0:03:33]} 55. Rc7 {[%emt 0:00:12]} Rb6 {[%emt 0:01:34]} 56. g4 {[%emt 0:00:50]} Bxe4 {[%emt 0:00:04]} 57. Kxe4 {[%emt 0:00:10]} Rfb5 {[%emt 0:00:03]} 58. Rf1 {[%emt 0:00:59]} f6 {[%emt 0:01:12]} 59. Ra1 {[%emt 0:01:00]} Rxb4 {[%emt 0:00:39]} 60. Raa7 {[%emt 0:00:17]} Rd6 {[%emt 0:00:10]} 1/2-1/2

[Event "XXXI Torre Memorial 2019"]
[Site "Merida"]
[Date "2019.12.17"]
[Round "7.5"]
[White "Fernandez De La Vara, Arnaldo"]
[Black "Macieja, Bartlomiej"]
[Result "1/2-1/2"]
[WhiteElo "2463"]
[BlackElo "2513"]
[Annotator "ChessBase"]
[PlyCount "124"]
[EventDate "2019.12.13"]
[EventType "swiss"]
[EventCountry "MEX"]
[SourceTitle "playchess.com"]
[Source "ChessBase"]
[SourceQuality "1"]
[TimeControl "5400+30"]

1. c4 c5 2. Nf3 Nf6 3. Nc3 Nc6 4. e3 e6 5. d4 d5 6. cxd5 exd5 7. Bb5 cxd4 8. Nxd4 Bd7 9. Nf3 a6 {[%emt 0:38:12]} 10. Bxc6 {[%emt 0:07:49]} bxc6 {[%emt 0:00:05]} 11. O-O {[%emt 0:00:19]} Be7 {[%emt 0:00:03]} 12. b3 {[%emt 0:01:28]} O-O {[%emt 0:00:06]} 13. Bb2 {[%emt 0:00:17]} Bg4 {[%emt 0:07:53]} 14. h3 {[%emt 0:01:08]} Bh5 {[%emt 0:00:01]} 15. Ne2 {[%emt 0:01:31]} Bxf3 {[%emt 0:01:42]} 16. gxf3 {[%emt 0:00:19]} Qd7 {[%emt 0:04:14]} 17. Kh2 {[%emt 0:01:38]} c5 {[%emt 0:01:32]} 18. Rg1 {[%emt 0:04:36]} a5 {[%emt 0:05:48]} 19. Qd3 {[%emt 0:04:56]} Rfd8 {[%emt 0:06:55]} 20. Rg2 {[%emt 0:15:17]} d4 {[%emt 0:07:20]} 21. exd4 {[%emt 0:04:40]} cxd4 {[%emt 0:00:04]} 22. f4 {[%emt 0:06:26]} Nh5 {[%emt 0:12:20]} 23. Qf3 {[%emt 0:03:08]} Qd5 {[%emt 0:07:17]} 24. Qg4 {[%emt 0:03:05]} Bf6 {[%emt 0:00:05]} 25. Rd1 {[%emt 0:01:21]} g6 {[%emt 0:01:26]} 26. Bxd4 {[%emt 0:03:08]} Ng7 {[%emt 0:06:41]} 27. Nc3 {[%emt 0:04:06]} Qc6 {[%emt 0:00:01]} 28. Bxf6 {[%emt 0:00:10]} Rxd1 {[%emt 0:00:46]} 29. Qxd1 {[%emt 0:06:12]} Qxf6 {[%emt 0:00:02]} 30. Nd5 {[%emt 0:00:58]} Qd6 {[%emt 0:01:54]} 31. Qd4 {[%emt 0:00:13]} Rd8 {[%emt 0:00:30]} 32. Nf6+ {[%emt 0:00:14]} Kh8 {[%emt 0:00:02]} 33. Qxd6 {[%emt 0:00:10]} Rxd6 {[%emt 0:00:03]} 34. Ne4 {[%emt 0:00:42]} Rd5 {[%emt 0:01:22]} 35. f3 {[%emt 0:01:22]} Nh5 {[%emt 0:00:09]} 36. Rd2 {[%emt 0:01:44]} Nxf4 {[%emt 0:00:25]} 37. Rxd5 Nxd5 {[%emt 0:00:01]} 38. Nd6 {[%emt 0:00:41]} Kg7 {[%emt 0:00:23]} 39. a3 {[%emt 0:03:21]} Ne7 {[%emt 0:01:03]} 40. Kg3 {[%emt 0:08:14]} Nc6 {[%emt 0:00:03]} 41. Kf4 {[%emt 0:02:15]} Kf6 {[%emt 0:00:03]} 42. Nb7 {[%emt 0:02:35]} g5+ {[%emt 0:01:53]} 43. Ke4 {[%emt 0:03:00]} Ke6 {[%emt 0:00:02]} 44. Nc5+ {[%emt 0:00:34]} Kd6 {[%emt 0:00:02]} 45. Na6 {[%emt 0:02:46]} Ne7 {[%emt 0:00:53]} 46. b4 {[%emt 0:00:19]} f5+ {[%emt 0:00:03]} 47. Kd4 {[%emt 0:02:04]} axb4 {[%emt 0:01:13]} 48. Nxb4 {[%emt 0:00:05]} h5 {[%emt 0:00:04]} 49. Nd3 {[%emt 0:01:58]} g4 {[%emt 0:01:12]} 50. Ke3 {[%emt 0:02:04]} Ng6 {[%emt 0:00:34]} 51. f4 {[%emt 0:04:04]} gxh3 {[%emt 0:00:07]} 52. Kf2 {[%emt 0:01:12]} Kc6 {[%emt 0:00:53]} 53. Kg3 {[%emt 0:00:34]} Kb5 {[%emt 0:00:04]} 54. Kxh3 {[%emt 0:00:28]} Ka4 {[%emt 0:00:03]} 55. Kg3 {[%emt 0:00:16]} Kxa3 {[%emt 0:00:04]} 56. Ne5 {[%emt 0:00:46]} h4+ {[%emt 0:00:05]} 57. Kh3 {[%emt 0:00:04]} Nxf4+ {[%emt 0:00:03]} 58. Kxh4 {[%emt 0:00:06]} Ne6 {[%emt 0:00:07]} 59. Ng6 {[%emt 0:00:21]} Kb4 {[%emt 0:00:03]} 60. Ne7 {[%emt 0:00:07]} f4 {[%emt 0:00:05]} 61. Nd5+ {[%emt 0:00:03]} Kc4 {[%emt 0:00:02]} 62. Nxf4 {[%emt 0:00:07]} Nxf4 {[%emt 0:00:01]} 1/2-1/2

[Event "XXXI Torre Memorial 2019"]
[Site "Merida"]
[Date "2019.12.17"]
[Round "7.6"]
[White "Diaz Perez, Michel Alejandro"]
[Black "Espinosa Veloz, Ermes"]
[Result "1/2-1/2"]
[WhiteElo "2455"]
[BlackElo "2489"]
[Annotator "ChessBase"]
[PlyCount "138"]
[EventDate "2019.12.13"]
[EventType "swiss"]
[EventCountry "MEX"]
[SourceTitle "playchess.com"]
[Source "ChessBase"]
[SourceQuality "1"]
[TimeControl "5400+30"]

1. d4 Nf6 2. c4 g6 3. Nc3 Bg7 4. e4 d6 5. Be2 O-O 6. Bg5 h6 7. Be3 e5 8. d5 Na6 9. Qd2 Nc5 10. f3 a5 11. Bd1 {[%emt 0:04:24]} Ne8 {[%emt 0:32:58]} 12. Bc2 {[%emt 0:07:21]} f5 {[%emt 0:00:12]} 13. exf5 {[%emt 0:05:49]} gxf5 {[%emt 0:09:35]} 14. O-O-O {[%emt 0:01:40]} Qh4 {[%emt 0:04:09]} 15. f4 {[%emt 0:03:47]} exf4 {[%emt 0:02:49]} 16. Bd4 {[%emt 0:05:09]} Nf6 {[%emt 0:04:08]} 17. Nge2 {[%emt 0:09:44]} Nfe4 {[%emt 0:05:50]} 18. Nxe4 {[%emt 0:05:00]} Nxe4 {[%emt 0:03:26]} 19. Qxf4 {[%emt 0:15:32]} Qxf4+ {[%emt 0:01:02]} 20. Nxf4 {[%emt 0:00:01]} Bd7 {[%emt 0:00:34]} 21. Bxg7 {[%emt 0:02:03]} Kxg7 {[%emt 0:00:04]} 22. Rde1 {[%emt 0:00:11]} Rae8 {[%emt 0:01:56]} 23. Rhf1 {[%emt 0:00:17]} Nc5 {[%emt 0:09:01]} 24. Nh5+ {[%emt 0:09:10]} Kg6 {[%emt 0:00:27]} 25. Rxe8 {[%emt 0:00:13]} Rxe8 {[%emt 0:00:05]} 26. g4 {[%emt 0:00:39]} Kg5 {[%emt 0:08:23]} 27. Ng7 {[%emt 0:01:19]} Re7 {[%emt 0:01:31]} 28. Nxf5 {[%emt 0:01:17]} Bxf5 {[%emt 0:00:08]} 29. gxf5 {[%emt 0:03:37]} Kf6 {[%emt 0:00:16]} 30. Rf3 {[%emt 0:02:50]} Nd7 {[%emt 0:10:18]} 31. Rh3 {[%emt 0:01:17]} Rh7 {[%emt 0:00:04]} 32. Kd2 {[%emt 0:02:42]} Ne5 {[%emt 0:00:16]} 33. b3 {[%emt 0:00:01]} h5 {[%emt 0:06:09]} 34. Rg3 {[%emt 0:00:29]} h4 {[%emt 0:01:04]} 35. Rg8 {[%emt 0:02:08]} Rg7 {[%emt 0:00:52]} 36. Rxg7 {[%emt 0:00:42]} Kxg7 {[%emt 0:00:01]} 37. Ke3 {[%emt 0:00:13]} Ng4+ 38. Kf4 {[%emt 0:00:06]} Ne5 {[%emt 0:01:43]} 39. a4 {[%emt 0:04:43]} Kf6 {[%emt 0:01:42]} 40. h3 {[%emt 0:00:01]} c6 {[%emt 0:00:45]} 41. Be4 {[%emt 0:03:20]} c5 {[%emt 0:00:27]} 42. Bc2 {[%emt 0:00:01]} Kg7 {[%emt 0:00:31]} 43. Bb1 {[%emt 0:01:11]} Kf6 {[%emt 0:00:30]} 44. Be4 {[%emt 0:00:02]} b6 {[%emt 0:00:32]} 45. Bc2 {[%emt 0:00:08]} Kg7 {[%emt 0:00:27]} 46. Bb1 {[%emt 0:00:02]} Kf7 47. Kg5 {[%emt 0:03:47]} Nd7 {[%emt 0:00:57]} 48. Kxh4 {[%emt 0:00:15]} Nf6 {[%emt 0:00:01]} 49. Kg5 {[%emt 0:00:30]} Kg7 {[%emt 0:00:04]} 50. h4 {[%emt 0:00:29]} Nh7+ {[%emt 0:00:01]} 51. Kf4 {[%emt 0:00:50]} Nf6 {[%emt 0:00:03]} 52. Bd3 {[%emt 0:00:20]} Kh6 {[%emt 0:00:06]} 53. Be2 {[%emt 0:00:07]} Kg7 {[%emt 0:00:06]} 54. Bd1 {[%emt 0:02:33]} Kh6 {[%emt 0:00:02]} 55. Bf3 {[%emt 0:00:06]} Kg7 {[%emt 0:00:07]} 56. Kg5 {[%emt 0:03:09]} Nh7+ {[%emt 0:00:01]} 57. Kg4 {[%emt 0:00:22]} Nf6+ {[%emt 0:00:03]} 58. Kf4 {[%emt 0:00:07]} Kh6 {[%emt 0:00:05]} 59. Be2 {[%emt 0:00:28]} Kg7 {[%emt 0:00:06]} 60. Bd1 {[%emt 0:00:35]} Kh6 {[%emt 0:00:08]} 61. Bf3 {[%emt 0:00:05]} Kg7 {[%emt 0:00:22]} 62. Ke3 {[%emt 0:00:06]} Kh6 {[%emt 0:00:10]} 63. Be2 {[%emt 0:01:58]} Kg7 {[%emt 0:00:06]} 64. Bd1 {[%emt 0:00:09]} Kh6 {[%emt 0:00:07]} 65. Kf4 {[%emt 0:00:04]} Kg7 {[%emt 0:00:10]} 66. h5 {[%emt 0:01:44]} Kh6 {[%emt 0:00:13]} 67. Bf3 {[%emt 0:00:04]} Kg7 {[%emt 0:00:08]} 68. Kg5 {[%emt 0:00:06]} Nh7+ {[%emt 0:00:04]} 69. Kf4 {[%emt 0:00:01]} Nf6 {[%emt 0:00:14]} 1/2-1/2

[Event "XXXI Torre Memorial 2019"]
[Site "Merida"]
[Date "2019.12.17"]
[Round "7.7"]
[White "Kevlishvili, Robby"]
[Black "Drazic, Sinisa"]
[Result "1-0"]
[WhiteElo "2457"]
[BlackElo "2371"]
[Annotator "ChessBase"]
[PlyCount "31"]
[EventDate "2019.12.13"]
[EventType "swiss"]
[EventCountry "MEX"]
[SourceTitle "playchess.com"]
[Source "ChessBase"]
[SourceQuality "1"]
[TimeControl "5400+30"]

1. e4 Nf6 2. e5 Nd5 3. d4 d6 4. Nf3 Nb6 5. a4 a5 6. exd6 exd6 7. Bd3 Bg4 8. O-O Be7 9. Re1 Nc6 10. c3 Bh5 11. Nbd2 Rg8 12. Ne4 Qd7 13. Ng3 {[%emt 0:18:16]} Bg6 14. Bb5 {[%emt 0:00:30]} Qd8 {[%emt 0:19:41]} 15. d5 {[%emt 0:07:05] Ne5 Nd4+} h6 {[%emt 0:07:10] f4+ Ned7} 16. Bxc6+ {[%emt 0:30:06] Bf6 Bxb7+ Bxd4+ cxd4+ Rb8 Bc6+ Nf6 Qf3+ Qc8 f5+ Bh7 b3+ Qa6 Bd2+ Nc8 Ne4+ Nxe4 Rxe4+ Na7 Rg4+ h5 Rh4+ g6 Bh6+ Nxc6 dxc6 Qb6 fxg6 fxg6 Bf8 Rxf8 Rf4} 1-0

[Event "XXXI Torre Memorial 2019"]
[Site "Merida"]
[Date "2019.12.17"]
[Round "7.8"]
[White "Vera Gonzalez-Quevedo, Reynaldo"]
[Black "Ramirez, Alejandro"]
[Result "1/2-1/2"]
[WhiteElo "2436"]
[BlackElo "2589"]
[Annotator "ChessBase"]
[PlyCount "107"]
[EventDate "2019.12.13"]
[EventType "swiss"]
[EventCountry "MEX"]
[SourceTitle "playchess.com"]
[Source "ChessBase"]
[SourceQuality "1"]
[TimeControl "5400+30"]

1. d4 Nf6 2. Nf3 c5 3. c3 Qc7 4. e3 g6 5. dxc5 Qxc5 6. b4 Qc7 7. Bb2 Bg7 8. c4 O-O 9. Nbd2 b6 10. Be2 Bb7 11. O-O d6 12. Qb3 Nbd7 13. h3 Rac8 14. Rfc1 Qb8 15. Bc3 {[%emt 0:25:11]} Rc7 {[%emt 0:30:25]} 16. a4 {[%emt 0:09:28]} Rfc8 {[%emt 0:21:39]} 17. a5 {[%emt 0:03:58]} e5 {[%emt 0:09:22]} 18. axb6 {[%emt 0:01:58]} axb6 {[%emt 0:00:08]} 19. Bb2 {[%emt 0:04:35]} Nf8 {[%emt 0:01:05]} 20. Rd1 {[%emt 0:10:46]} Ne6 {[%emt 0:00:26]} 21. Nb1 {[%emt 0:04:06]} Ne4 {[%emt 0:02:07]} 22. Nfd2 {[%emt 0:00:34]} Nf6 {[%emt 0:04:45]} 23. Nc3 {[%emt 0:00:48]} Bc6 {[%emt 0:00:51]} 24. Nd5 {[%emt 0:03:09]} Rb7 {[%emt 0:00:28]} 25. b5 {[%emt 0:20:30]} Bxd5 {[%emt 0:02:05]} 26. cxd5 {[%emt 0:00:10]} Nc5 {[%emt 0:00:03]} 27. Qa2 {[%emt 0:01:23]} e4 {[%emt 0:00:32]} 28. Nc4 {[%emt 0:02:11]} Re7 {[%emt 0:01:49]} 29. Bd4 {[%emt 0:00:57]} Ne8 {[%emt 0:04:52]} 30. Qb2 {[%emt 0:00:08]} f5 {[%emt 0:02:42]} 31. Ra3 {[%emt 0:05:00]} Rec7 {[%emt 0:06:04]} 32. Bxg7 {[%emt 0:01:02]} Rxg7 {[%emt 0:00:23]} 33. Rda1 {[%emt 0:00:26]} Rb7 {[%emt 0:02:05]} 34. Qd4 {[%emt 0:02:29]} Qc7 {[%emt 0:01:04]} 35. g3 {[%emt 0:03:09]} Nd7 {[%emt 0:01:35]} 36. Ra8 {[%emt 0:01:00]} Rxa8 {[%emt 0:01:43]} 37. Rxa8 {[%emt 0:00:03]} Rb8 {[%emt 0:00:06]} 38. Qa1 {[%emt 0:01:47]} Rxa8 {[%emt 0:00:48]} 39. Qxa8 {[%emt 0:00:03]} Kf7 {[%emt 0:00:03]} 40. Qc6 {[%emt 0:01:44]} Ke7 {[%emt 0:00:31]} 41. g4 {[%emt 0:00:08]} Qb8 {[%emt 0:08:21]} 42. Kg2 {[%emt 0:00:57]} Nef6 {[%emt 0:01:25]} 43. Kg3 {[%emt 0:00:08]} Ne8 {[%emt 0:00:38]} 44. g5 {[%emt 0:01:36]} Qa7 {[%emt 0:01:51]} 45. h4 {[%emt 0:00:52]} Qa1 {[%emt 0:00:50]} 46. Kg2 {[%emt 0:00:13]} Qe1 {[%emt 0:00:12]} 47. Bf1 {[%emt 0:01:57]} Qd1 {[%emt 0:00:04]} 48. Nxb6 {[%emt 0:00:37]} Qg4+ {[%emt 0:00:31]} 49. Kh1 {[%emt 0:00:27]} Qxh4+ {[%emt 0:01:14]} 50. Kg1 {[%emt 0:00:01]} Qg4+ {[%emt 0:01:13]} 51. Bg2 {[%emt 0:00:17]} Qd1+ {[%emt 0:00:38]} 52. Bf1 {[%emt 0:00:03]} Qg4+ {[%emt 0:00:21]} 53. Bg2 {[%emt 0:00:19]} Qd1+ {[%emt 0:00:21]} 54. Bf1 {[%emt 0:00:02]} 1/2-1/2

[Event "XXXI Torre Memorial 2019"]
[Site "Merida"]
[Date "2019.12.17"]
[Round "7.10"]
[White "Ordaz Valdes, Lisandra Teresa"]
[Black "Rodriguez Vila, Andres"]
[Result "0-1"]
[WhiteElo "2376"]
[BlackElo "2463"]
[Annotator "ChessBase"]
[PlyCount "22"]
[EventDate "2019.12.13"]
[EventType "swiss"]
[EventCountry "MEX"]
[SourceTitle "playchess.com"]
[Source "ChessBase"]
[SourceQuality "1"]
[TimeControl "5400+30"]

1. d4 e6 2. c4 Nf6 3. Nc3 Bb4 4. Qc2 O-O 5. Nf3 d6 6. Bd2 c5 7. dxc5 dxc5 8. Rd1 Nc6 9. a3 Bxc3 10. Bxc3 Qe7 11. Ne5 Nxe5 0-1

[Event "XXXI Torre Memorial 2019"]
[Site "Merida"]
[Date "2019.12.17"]
[Round "7.12"]
[White "Perez Leiva, Jerzy Jesus"]
[Black "Fernandez Cardoso, Alexey"]
[Result "1/2-1/2"]
[WhiteElo "2373"]
[BlackElo "2441"]
[Annotator "TA"]
[PlyCount "24"]
[EventDate "2019.12.13"]
[EventType "swiss"]
[EventCountry "MEX"]
[SourceTitle "playchess.com"]
[Source "ChessBase"]
[SourceQuality "1"]

{[%evp 11,24,31,29,33,48,32,31,24,50,28,35,33,72,62,77]} 1. c4 Nf6 2. Nc3 g6 3. d4 Bg7 4. e4 d6 5. h3 O-O 6. Be3 Na6 7. g4 {E71: King's Indian: 4 e4 d6 5 h3} e5 8. d5 Nc5 9. f3 a5 (9... c6 10. Qd2 cxd5 11. cxd5 Bd7 12. Nge2 h5 13. Nc1 Rc8 14. Nb3 Nxb3 15. axb3 {0-1 (64) Grandelius,N (2691)-McShane,L (2688) Eskilstuna 2019}) 10. Nge2 c6 11. Ng3 cxd5 12. cxd5 a4 $146 ({Predecessor:} 12... Nfd7 13. h4 Re8 14. Bb5 b6 {1-0 (60) Aloma Vidal,R (2428)-Roselli Mailhe,B (2439) Batumi 2018}) 1/2-1/2

[Event "XXXI Torre Memorial 2019"]
[Site "Merida"]
[Date "2019.12.17"]
[Round "7.16"]
[White "Berdayes Ason, Dylan Isidro"]
[Black "Diaz Rosas, Julio Cesar"]
[Result "1-0"]
[WhiteElo "2448"]
[BlackElo "2365"]
[Annotator "NA"]
[PlyCount "63"]
[EventDate "2019.12.13"]
[EventType "swiss"]
[EventCountry "MEX"]
[SourceTitle "playchess.com"]
[Source "ChessBase"]
[SourceQuality "1"]
[TimeControl "5400+30"]

1. e4 c5 2. Nf3 d6 3. d4 cxd4 4. Nxd4 Nf6 5. Nc3 a6 6. Be3 e5 7. Nb3 Be7 8. f3 Be6 9. Qd2 O-O 10. O-O-O a5 11. a4 Na6 12. g4 Nb4 13. Kb1 Rc8 14. g5 Nh5 15. Rg1 d5 16. exd5 {[%emt 0:06:09]} Bf5 {[%emt 0:33:36]} 17. Na1 {[%emt 0:00:29]} Nf4 {[%emt 0:09:46]} 18. Bxf4 {[%emt 0:36:32]} exf4 {[%emt 0:01:14]} 19. Qxf4 {[%emt 0:02:02]} Qb6 {[%emt 0:00:24]} 20. Bb5 {[%emt 0:01:31]} Qg6 {[%emt 0:03:29]} 21. Ne4 {[%emt 0:05:22]} Rfd8 {[%emt 0:00:33]} 22. c4 {[%emt 0:01:15]} Bd6 {[%emt 0:00:50]} 23. Qh4 {[%emt 0:00:16]} Be5 {[%emt 0:07:24]} 24. Nb3 {[%emt 0:03:55]} Qb6 {[%emt 0:00:42]} 25. Rge1 {[%emt 0:00:45]} Rxd5 {[%emt 0:13:56]} 26. Rxd5 {[%emt 0:04:54]} Nxd5 {[%emt 0:00:05]} 27. cxd5 {[%emt 0:00:58]} Qd6 {[%emt 0:00:32]} 28. Rd1 {[%emt 0:07:24]} Qb4 {[%emt 0:03:59]} 29. Rd3 {[%emt 0:00:02]} Rc3 {[%emt 0:01:20]} 30. Rxc3 {[%emt 0:03:42]} Bxc3 {[%emt 0:00:02]} 31. Qf4 {[%emt 0:02:00]} g6 {[%emt 0:01:55]} 32. Ka2 1-0

[Event "XXXI Torre Memorial 2019"]
[Site "Merida"]
[Date "2019.12.17"]
[Round "7.18"]
[White "Garcia Matos, Richard Alejandro"]
[Black "Vitier Vazquez, Cristian"]
[Result "1/2-1/2"]
[WhiteElo "2330"]
[BlackElo "2405"]
[Annotator "TA"]
[PlyCount "34"]
[EventDate "2019.12.13"]
[EventType "swiss"]
[EventCountry "MEX"]
[SourceTitle "playchess.com"]
[Source "ChessBase"]
[SourceQuality "1"]

{[%evp 17,19,6,9,4]} 1. e4 c5 2. Nf3 d6 3. Bb5+ Bd7 4. Bxd7+ Nxd7 5. O-O Ngf6 6. Re1 e6 7. b3 Be7 8. Bb2 O-O 9. d4 cxd4 10. Nxd4 {B52: Sicilian: Moscow Variation with 3...Bd7} {Predecessor:} Nc5 $146 11. Nd2 Rc8 12. a4 Re8 13. f3 Bf8 14. Nf1 a6 15. Ne3 Ncd7 16. Qd2 g6 17. c4 Bh6 {0-1 (51) Arakhamia Grant,K (2456)-Van der Wiel,J (2459) Antwerp 2011} 1/2-1/2

[Event "XXXI Torre Memorial 2019"]
[Site "Merida"]
[Date "2019.12.17"]
[Round "8.1"]
[White "Cordova, Emilio"]
[Black "Albornoz Cabrera, Carlos Daniel"]
[Result "1/2-1/2"]
[WhiteElo "2585"]
[BlackElo "2555"]
[Annotator "TA"]
[PlyCount "79"]
[EventDate "2019.12.13"]
[EventType "swiss"]
[EventCountry "MEX"]
[SourceTitle "playchess.com"]
[Source "ChessBase"]
[SourceQuality "1"]

{[%evp 18,79,32,20,26,5,37,37,35,5,34,19,33,27,54,25,16,21,94,95,91,102,105,111,98,97,92,77,159,147,156,161,156,148,158,146,146,77,68,73,87,87,87,87,90,93,121,72,90,89,102,35,75,75,87,100,87,8,8,8,5,0,0,0]} 1. d4 Nf6 2. Nf3 d5 3. c4 e6 4. g3 Bb4+ 5. Bd2 Be7 6. Bg2 O-O 7. O-O Nbd7 8. Qc2 c6 9. Bf4 Ne4 10. Nc3 f5 {E08: Closed Catalan: Main Line: 7 Qc2} (10... g5 11. Be3 Nd6 12. b3 Nf5 13. Bd2 g4 14. Ne1 Nxd4 15. Qd1 Bf6 16. e3 Nf3+ 17. Nxf3 gxf3 18. Qxf3 {1-0 (81) Grischuk,A (2766)-Nakamura,H (2754) Paris 2019}) 11. h4 Bf6 12. Rad1 Qe8 $146 {White is slightly better.} ({Predecessor:} 12... h6 13. Ne5 g5 14. Nxd7 Bxd7 15. hxg5 hxg5 16. Nxe4 gxf4 17. Nxf6+ Qxf6 18. gxf4 {½-½ (80) Santarius,E (2387)-Mekhitarian,K (2546) Montevideo 2018}) 13. Nd2 Nb6 14. Ndxe4 fxe4 15. e3 Qg6 16. c5 Nd7 17. Bd6 Rf7 (17... Re8 $11 {remains equal.}) 18. f3 $1 $16 {[%cal Rf3e4]} exf3 19. Qxg6 hxg6 20. Bxf3 b6 21. Bg4 $36 {[%mdl 2048] Keeping Black busy.} Nf8 22. b4 Bd7 {[#]} (22... Ba6 $142) 23. e4 $1 bxc5 24. bxc5 e5 25. Bxd7 Nxd7 26. exd5 exd4 27. Ne4 (27. dxc6 $142 dxc3 28. cxd7 Rxd7 29. c6) 27... cxd5 28. Nxf6+ Rxf6 29. Rxd4 Rxf1+ 30. Kxf1 {[%mdl 4096] Endgame KRB-KRN} Nf6 31. Rb4 Ne4 32. Rb7 Rc8 33. Rxa7 Nxc5 34. a4 ({White should try} 34. Be5 $16) 34... Ne4 35. Be5 Rc2 36. Rxg7+ Kf8 {[#] White should prevent ...Nd2+.} 37. Ke1 ({Better is} 37. Ra7 $1 $16) 37... Nxg3 $11 {White must now prevent ...Re2+.The position is equal.} 38. Kd1 Ra2 39. Rxg6 Ne4 40. Kc1 {Accuracy: White = 51%, Black = 59%.} 1/2-1/2

[Event "XXXI Torre Memorial 2019"]
[Site "Merida"]
[Date "2019.12.17"]
[Round "8.2"]
[White "Miranda Mesa, Elier"]
[Black "Kevlishvili, Robby"]
[Result "1/2-1/2"]
[WhiteElo "2477"]
[BlackElo "2457"]
[Annotator "TA"]
[PlyCount "55"]
[EventDate "2019.12.13"]
[EventType "swiss"]
[EventCountry "MEX"]
[SourceTitle "playchess.com"]
[Source "ChessBase"]
[SourceQuality "1"]

{[%evp 9,55,18,18,20,30,1,0,0,0,-1,14,0,0,0,7,0,37,24,37,29,32,12,37,20,16,15,25,0,0,0,20,-23,0,5,56,0,14,14,22,20,17,16,17,15,15,15,15,14]} 1. e4 c5 2. Nf3 d6 3. d4 cxd4 4. Qxd4 Nc6 5. Qe3 g6 6. Be2 {B53: Sicilian: 2...d6: Lines with Qxd4} Bg7 7. h3 Nf6 8. O-O O-O (8... Nd7 9. Nc3 O-O 10. Rb1 a6 11. Bd2 b5 12. Nd5 e6 {1-0 (57) Harikrishna,P (2733)-Korobov,A (2694) Czech Republic 2019}) 9. Rd1 Nd7 10. Nc3 b6 11. b3 Bb7 12. Bb2 Nb4 $146 ({Predecessor:} 12... Nc5) 13. Rd2 Rc8 14. a3 Nc6 15. Rb1 a6 16. Nd5 Bxb2 17. Rxb2 e6 18. Nf4 Qc7 19. c4 Nce5 20. Nd4 Nc5 21. f3 Ned7 (21... Qe7 $11) 22. Nc2 ({White should play} 22. b4 $14) 22... e5 {The position is equal.} 23. Nd5 Bxd5 $1 24. Rxd5 Nf6 25. Rd2 Ne6 26. Rb1 Rfd8 27. Rbd1 a5 28. Bf1 {Accuracy: White = 51%, Black = 58%.} 1/2-1/2